00635nam a22001932 4500001001100000005001700011008004100028020001700069040001500086245010700101250001300208260003500221300001700256650003400273650005900307700004000366700003200406852000300438000001973420151217155902.0110124s xx 000 0 eng d a0821414844 : aKABUcKABU10aMau Mau & nationhood :barms, authority & narration /cedited by E. S. Atieno Odhiambo, John Lonsdale. a1st ed. aNairobi :bE. A. E. P.,c2003. axiv, 306 p. 0aMau Mau Movement.@0000148738 0aNationalismxHistoryy20th centuryzKenya.@00001796431 aOdhiambo, E. S. Atieno.@00001501651 aLonsdale, John.@00001796441